=LDR 00000nam 2200000 4500 =001 INLIS000000000040694 =005 20130612150244 =008 ***********************************ind** =035 ##$$0010-061300000040694 =041 ##$$a ind =082 ##$$a 664.9 =090 ##$$a 664.9 , Sap ,m =100 ##$$a SAPARINTO,Cahyo =245 ##$$a Membuat aneka olahan bandeng , Cahyo Saparinto =260 ##$$a 2007 $b Jakarta =300 ##$$a 88 hlm. , Illus. 23 cm =650 ##$$a IKAN BANDENG - PENGOLAHAN =850 ##$$a NBPNMAT